000 01193cam a22002655a 4500
001 L150936
008 090127s2008 xxk f 000 0 eng d
020 _a9780080963389
035 _a(Sirsi) u150936
041 0 _aeng
050 0 4 _a690 $2 18
100 1 _aChudley, Roy
245 0 0 _aBuilding construction handbook
_h[electronic resource]
250 _a8th ed.
260 _aOxford
_bButterworth-Heinemann
_c2010
300 _aeBook
505 2 _aGeneral -- Site work -- Builders plant -- Substructure -- Superstructure 1 -- Superstructure 2 -- Internal Construction and Finishes -- Domestic services
520 _aThis eBook is a detailed reference of construction building elements. The principles and processes of building construction practice are explained by giving drawings and clearly presented in plain language. This edition includes updated information on green building issues, sustainable construction and energy conservation.
650 2 4 _aEBOOK
651 4 _aUnited Kingdom
_y
690 _aBUILT ENVIRONMENT
700 1 _aGreeno, Roger
856 4 0 _uhttps://www.vlebooks.com/
_zView on VLEbooks. Logins for members only from [email protected]
942 _n0
999 _c111039
_d111039